[Event "Nis op"]
[Site "Nis"]
[Date "2013.03.23"]
[Round "4"]
[White "Mitrovic, Darko R"]
[Black "Djokovic, Nenad"]
[Result "1/2-1/2"]
[WhiteElo "2259"]
[BlackElo "1917"]
[PlyCount "54"]
[EventDate "2013.03.21"]
[EventType "swiss"]
[EventRounds "9"]
[EventCountry "SRB"]
[SourceTitle "CBM 153 Extra"]
[Source "ChessBase"]
[SourceDate "2013.04.22"]
[SourceVersion "1"]
[SourceVersionDate "2013.04.22"]
[SourceQuality "1"]

1. e4 e5 2. Nf3 Nf6 3. Nxe5 d6 4. Nf3 Nxe4 5. d4 d5 6. Bd3 Nc6 7. Nbd2 Nf6 8. c3 Bd6 9. 0-0 0-0 10. h3 a5 11. Re1 Re8 12. Rxe8+ Qxe8 13. a4 h6 14. b3 b6 15. Qc2 Ba6 16. Bxa6 Rxa6 17. Bb2 Ne4 18. Re1 f5 19. Nf1 Ra8 20. c4 Nb4 21. Qd1 Qf7 22. Ne3 Re8 23. Nxd5 Nxd5 24. cxd5 Qxd5 25. Qc2 Re7 26. Re2 Re6 27. Kf1 Bf4 1/2-1/2